000 00486nam a22001697a 4500
003 MPLRDC
005 20220104201749.0
008 210129b ||||| |||| 00| 0 eng d
082 _a805.1 LMM
100 _a李勉民
245 _a怎样增强英文识字能力
_c
260 _a香港
_b读者文摘远东有限公司
_c1982
300 _b
520 _a上架 2017-07-06。 2016-01-08 涂鸦--pg.书站立上方。
650 _a英语;英国语言
942 _cBK
_o805.1 LMM
999 _c67317
_d67307